000 00722nam a22002055i 4500
001 166783
003 ES-MaACL
005 20230906213412.0
008 981002s1897 sp |||| | spa d
080 _a821.134.2-31"19"
100 1 _aUnamuno, Miguel de,
_d1864-1936
_9111982
245 1 0 _aPaz en la guerra /
_cMiguel de Unamuno.
260 _aMadrid :
_bLibrería de Fernando Fe,
_c1897 (
_eBilbao :
_fImp. Müller y Zavaleta)
300 _aVII, 349 p. ;
_c23 cm.
530 _aDisponible en formato digital.
852 _aES-MaACL
_jArmario 18
_x
_dOlim: F-3469
_zEnc. hol.
856 _uhttp://bdh-rd.bne.es/viewer.vm?id=0000200705&page=1
_zBiblioteca Digital Hispánica
942 _2udc
999 _c166783
_d166783